Brasileiros Famosos por Foto #3 - Statistics

Estatísticas Gerais
  • Esse quiz foi jogado 123 vezes
  • A pontuação média é 10 de 20
Estatísticas das Respostas
Imagem Hint Resposta % Correto
Cantora Anitta
99%
Presidente Lula
97%
Jogadora de Futebol Marta
94%
Comediante Fábio Porchat
91%
Jornalista Glória Maria
81%
Skatista Rayssa Leal
78%
Tenista Guga
70%
Ginasta Artística Daiane dos Santos
61%
Piloto de Corrida Rubens Barrichello
59%
Voleibolista Giba
53%
Nadador César Cielo
47%
Santa Irmã Dulce
45%
Escritor Paulo Coelho
38%
Atriz Alice Braga
23%
Supermodelo Alessandra Ambrósio
22%
Ativista Indígena Sônia Guajajara
19%
Compositor Pixinguinha
15%
Velejador Robert Scheidt
10%
Físico César Lattes
9%
Imunologista Vital Brasil
9%
Nenhum quiz correspondente encontrado
Distribuição das Pontuações
Porcentagem de Pessoas com Cada Pontuação
Percentil de Números Respondidos
Sua Pontuação Histórica
Você não jogou esse quiz